000
00316nam a2200133Ia 4500
100
_a
Natioanal Semi conductor
942
_c
BK
654
_a
functions
245
_a
Special functions databook
260
_b
National semiconductor corpn.
_a
California
082
_a
621.38173
_b
NAT
546
_a
ENGLISH
999
_c
20936
_d
20936